[Event "Kieler Open 2016-B"]
[Site "Kiel"]
[Date "2016.07.31"]
[Round "3.19"]
[White "Spreu, Jörg"]
[Black "Salwasser, Christian"]
[Result "1/2-1/2"]
[WhiteElo "1420"]
[BlackElo "1671"]
[PlyCount "55"]

1. e4 e5 2. Nf3 Nc6 3. d4 exd4 4. Nxd4 Bc5 5. Be3 Nxd4 6. Bxd4 Qe7 7. Bxc5 Qxc5
8. Nc3 Nf6 9. Be2 Qb4 10. Qd2 Qxb2 11. Rb1 Qa3 12. e5 Ng8 13. O-O Ne7 14. Nb5
Qc5 15. Qc3 Qxc3 16. Nxc3 a6 17. f4 Nf5 18. Nd5 Kd8 19. Bd3 Ne7 20. Nxe7 Kxe7
21. Rf3 b6 22. Be4 Rb8 23. Rd3 g6 24. Rbd1 Rd8 25. Rh3 Rh8 26. Rhd3 Rd8 27. Rh3
Rh8 28. Rhd3 1/2-1/2

[Event "Kieler Open 2016-B"]
[Site "Kiel"]
[Date "2016.07.31"]
[Round "3.20"]
[White "Schumacher, Horst"]
[Black "Hoppe, Marc"]
[Result "0-1"]
[WhiteElo "1782"]
[BlackElo "1381"]
[PlyCount "48"]

1. e4 e5 2. Nf3 Bc5 3. Bc4 d6 4. O-O Nf6 5. Nc3 Bg4 6. h3 Bh5 7. g4 Bg6 8. Re1
Qd7 9. d4 exd4 10. Nxd4 O-O 11. Nf5 Re8 12. Qf3 Nc6 13. Be3 Ne5 14. Qe2 Bxe3
15. Nxe3 Nxe4 16. Ncd5 Ng5 17. Kg2 Be4+ 18. Kg3 h5 19. Nf5 h4+ 20. Nxh4 Nxc4
21. Qxc4 c6 22. Ne3 d5 23. Qd4 Ne6 24. Qd2 Qd6+ 0-1

[Event "Kieler Open 2016-B"]
[Site "Kiel"]
[Date "2016.07.31"]
[Round "3.21"]
[White "Dambrowski, Ralf"]
[Black "Bunke, Mike"]
[Result "1-0"]
[WhiteElo "1476"]
[BlackElo "1683"]
[PlyCount "66"]

1. d4 f5 2. Nc3 Nf6 3. Bg5 e6 4. Bxf6 Qxf6 5. e4 Bb4 6. e5 Qe7 7. Qf3 d5 8.
exd6 cxd6 9. Bb5+ Nd7 10. a3 Ba5 11. Nge2 d5 12. O-O O-O 13. Rfe1 a6 14. Ba4
Bc7 15. Nf4 Bxf4 16. Nxd5 Bxh2+ 17. Kxh2 Qh4+ 18. Kg1 Qxd4 19. Ne7+ Kh8 20.
Nxc8 Qxa4 21. b3 Qc6 22. Qxc6 bxc6 23. Ne7 e5 24. Nxc6 e4 25. Rad1 Nf6 26. Nd4
f4 27. Ne6 Rf7 28. Nxf4 Raf8 29. Ne6 Re8 30. Rd8 Rxd8 31. Nxd8 Re7 32. Nc6 g5
33. Ne5 h5 1-0

[Event "Kieler Open 2016-B"]
[Site "Kiel"]
[Date "2016.07.31"]
[Round "4.2"]
[White "Zechel, Rolf-Rüdiger"]
[Black "Plichta, Hans-Reiner"]
[Result "1/2-1/2"]
[WhiteElo "1654"]
[BlackElo "1793"]
[PlyCount "61"]

1. d4 Nf6 2. c4 g6 3. Nc3 d5 4. cxd5 Nxd5 5. e4 Nxc3 6. bxc3 Bg7 7. Bc4 c5 8.
Ne2 cxd4 9. cxd4 Nc6 10. Be3 Qa5+ 11. Bd2 Qa3 12. Bc3 O-O 13. O-O Rd8 14. Qc2
Nxd4 15. Bxd4 Bxd4 16. Rad1 e5 17. Rd3 Qe7 18. Nxd4 Rxd4 19. Rxd4 exd4 20. Rd1
Be6 21. Bxe6 Qxe6 22. Rxd4 Rc8 23. Qd1 Kg7 24. g3 Qxa2 25. Rd7 Qb2 26. Rxf7+
Kxf7 27. Qd7+ Kf6 28. Qd6+ Kg7 29. Qd7+ Kh6 30. Qh3+ Kg7 31. Qd7+ 1/2-1/2

[Event "Kieler Open 2016-B"]
[Site "Kiel"]
[Date "2016.07.31"]
[Round "4.3"]
[White "Malina, Marcus"]
[Black "Jung, Ingo"]
[Result "1/2-1/2"]
[WhiteElo "1565"]
[BlackElo "1656"]
[PlyCount "84"]

1. e4 d5 2. exd5 Qxd5 3. Nc3 Qa5 4. d4 c6 5. Nf3 Bg4 6. h3 Bxf3 7. Qxf3 Nf6 8.
Bd2 Qc7 9. Bc4 e6 10. a3 Nbd7 11. Ne4 Nxe4 12. Qxe4 Nf6 13. Qf3 Bd6 14. c3 Be7
15. O-O O-O 16. Bd3 Rfe8 17. Rfe1 Rad8 18. Bf4 Bd6 19. Bg5 Be7 20. Bxf6 Bxf6
21. h4 Qe7 22. h5 g6 23. hxg6 hxg6 24. g3 Kg7 25. Kg2 Rh8 26. Rh1 Qd7 27. Rxh8
Rxh8 28. Rh1 Rxh1 29. Kxh1 Qd5 30. Qxd5 exd5 31. Kg2 Kf8 32. f4 Ke7 33. Kf3 Kd6
34. Ke3 Bg7 35. c4 dxc4 36. Bxc4 f6 37. b3 g5 38. fxg5 fxg5 39. Ke4 Bf6 40. a4
a5 41. d5 cxd5+ 42. Bxd5 b6 1/2-1/2

[Event "Kieler Open 2016-B"]
[Site "Kiel"]
[Date "2016.07.31"]
[Round "4.4"]
[White "Oltmanns, Marc"]
[Black "Eberhardt, Michael"]
[Result "1/2-1/2"]
[WhiteElo "1496"]
[BlackElo "1786"]
[PlyCount "65"]

1. Nf3 Nf6 2. c4 e6 3. g3 b6 4. Bg2 Bb7 5. O-O c5 6. d3 d6 7. b3 g6 8. Bb2 Bg7
9. Nbd2 O-O 10. d4 Qe7 11. Qc2 Nc6 12. e3 cxd4 13. Nxd4 Nxd4 14. Bxd4 Bxg2 15.
Kxg2 Rac8 16. Qb2 e5 17. Bc3 Qb7+ 18. Kg1 Rfe8 19. Rad1 Qc7 20. Qc2 d5 21. Bb2
dxc4 22. Qxc4 Qd7 23. Qh4 Re6 24. Ne4 Qe7 25. Nxf6+ Bxf6 26. Qa4 Rc2 27. Ba3
Qe8 28. Qxa7 Rxa2 29. Ra1 Rxa1 30. Rxa1 e4 31. Rc1 Be7 32. Bxe7 Qxe7 33. Qxe7
1/2-1/2

[Event "Kieler Open 2016-B"]
[Site "Kiel"]
[Date "2016.07.31"]
[Round "4.5"]
[White "Basey, Matthew"]
[Black "Koch, Ralf-Johannes"]
[Result "1-0"]
[WhiteElo "1500"]
[BlackElo "1749"]
[PlyCount "81"]

1. e4 d6 2. d4 Nf6 3. Nc3 g6 4. Nf3 Bg7 5. Be3 O-O 6. Qd2 c6 7. Bd3 Qc7 8. Bh6
e5 9. Bxg7 Kxg7 10. h3 Re8 11. dxe5 dxe5 12. a4 Nbd7 13. Qe3 Nf8 14. O-O Ne6
15. Rfd1 Nf4 16. Bf1 b6 17. Kh2 Ne6 18. a5 b5 19. Nb1 a6 20. c4 b4 21. Nbd2 c5
22. Ne1 Bb7 23. g3 Nd4 24. Qd3 Rad8 25. Qb1 Rd7 26. Bd3 Red8 27. b3 Nc6 28. Nf1
Nxa5 29. Ne3 Nc6 30. Nd5 Nxd5 31. cxd5 Nb8 32. Ng2 Qd6 33. Ne3 Qf6 34. Kg2 Bc8
35. Qc2 h5 36. Qxc5 Bb7 37. Qxb4 Rd6 38. Qxb7 Rb6 39. Qc7 Rxb3 40. Rab1 Rd7 41.
Qc2 1-0

[Event "Kieler Open 2016-B"]
[Site "Kiel"]
[Date "2016.07.31"]
[Round "4.6"]
[White "Aksüt, Önder"]
[Black "Behrendt, Matthias"]
[Result "1-0"]
[WhiteElo "1653"]
[BlackElo "1638"]
[PlyCount "73"]

1. d4 e6 2. e4 d5 3. e5 c5 4. c3 Nc6 5. Nf3 Qb6 6. Qb3 c4 7. Qxb6 axb6 8. Nfd2
Nge7 9. Na3 Ng6 10. Nb5 Kd7 11. b3 cxb3 12. Nxb3 Na5 13. Nxa5 bxa5 14. h4 h5
15. Bd3 Be7 16. g3 b6 17. f4 Ba6 18. a4 Bxb5 19. Bxb5+ Kc7 20. Be3 f5 21. c4
Bb4+ 22. Bd2 Rhd8 23. cxd5 Rxd5 24. Rc1+ Kd8 25. Bxb4 axb4 26. Bc6 Rc8 27. Bxd5
Rxc1+ 28. Kd2 Rxh1 29. Bxh1 Ne7 30. Kc2 Kc7 31. Kb3 Ng6 32. Kxb4 Nf8 33. d5
exd5 34. Bxd5 g6 35. Bf7 Kc6 36. e6 Kd6 37. Kb5 1-0

[Event "Kieler Open 2016-B"]
[Site "Kiel"]
[Date "2016.07.31"]
[Round "4.7"]
[White "Zielke, Bernd"]
[Black "Madelmayer, Maik"]
[Result "1-0"]
[WhiteElo "1705"]
[BlackElo "1652"]
[PlyCount "103"]

1. b4 d5 2. Bb2 Bf5 3. e3 e6 4. Nf3 Nf6 5. a3 a5 6. b5 Bd6 7. c4 O-O 8. cxd5
exd5 9. Be2 c5 10. d3 Nbd7 11. a4 Rc8 12. Nbd2 Re8 13. O-O Ne5 14. Nxe5 Bxe5
15. Bxe5 Rxe5 16. Nf3 Re7 17. Rc1 Bg4 18. h3 Bxf3 19. Bxf3 b6 20. Qd2 Rec7 21.
Rc2 d4 22. Rfc1 dxe3 23. fxe3 Rd7 24. Rc3 Qe7 25. Qf2 Rcd8 26. Rd1 Rd6 27. d4
cxd4 28. Rxd4 Rxd4 29. exd4 h6 30. Rc6 Qb4 31. Rxb6 Qxa4 32. Qb2 Qxd4+ 33. Qxd4
Rxd4 34. Rb8+ Kh7 35. Ra8 Nd7 36. Rxa5 Rd6 37. Ra6 Rf6 38. Rxf6 gxf6 39. Be4+
Kg7 40. Kf2 h5 41. h4 Nc5 42. Bf5 Nb7 43. b6 Nc5 44. Ke3 Kf8 45. Kd4 Na6 46.
Kd5 Ke7 47. Kc6 Kd8 48. Kb7 Nc5+ 49. Ka7 Ke7 50. b7 Nxb7 51. Kxb7 Kd6 52. Be4
1-0

[Event "Kieler Open 2016-B"]
[Site "Kiel"]
[Date "2016.07.31"]
[Round "4.8"]
[White "Kathage, Holger"]
[Black "Farokhi, Keyvan"]
[Result "1-0"]
[WhiteElo "1740"]
[BlackElo "1575"]
[PlyCount "119"]

1. d4 Nf6 2. Nf3 g6 3. c4 Bg7 4. Nc3 d6 5. g3 O-O 6. Bg2 Nbd7 7. O-O e5 8. dxe5
dxe5 9. e4 Nh5 10. Qc2 f5 11. exf5 gxf5 12. Ng5 Ndf6 13. b3 h6 14. Nf3 e4 15.
Nh4 Kh7 16. Ba3 Rf7 17. Rad1 Qg8 18. Bh3 Ne8 19. Rd8 Bf6 20. Rxc8 Rxc8 21.
Bxf5+ Kh8 22. Ng6+ Kg7 23. Bxc8 Kxg6 24. Be6 Bxc3 25. Bxf7+ Qxf7 26. Qxc3 Nhf6
27. Qe3 b6 28. Bc1 Qg7 29. f3 exf3 30. Bb2 f2+ 31. Qxf2 Kf7 32. Rd1 Qg4 33. Rf1
Qe6 34. Bc1 h5 35. Qf3 Ke7 36. Qe3 Ne4 37. Qd4 N8f6 38. Bf4 Qc6 39. Qe5+ Kd7
40. Qf5+ Ke7 41. Bg5 a6 42. Re1 Kf7 43. Bxf6 Nxf6 44. Rf1 Qd6 45. Qxh5+ Ke7 46.
Re1+ Kf8 47. Qe5 Qd8 48. Rf1 Kg7 49. g4 Kg6 50. Qf5+ Kg7 51. Qe5 Kg6 52. Qxf6+
Qxf6 53. Rxf6+ Kxf6 54. h4 b5 55. cxb5 axb5 56. Kf2 c5 57. Ke3 Ke5 58. h5 c4
59. bxc4 bxc4 60. a4 1-0

[Event "Kieler Open 2016-B"]
[Site "Kiel"]
[Date "2016.07.31"]
[Round "4.9"]
[White "Turp, Hüseyin"]
[Black "Teichmann, Axel"]
[Result "1-0"]
[WhiteElo "1621"]
[BlackElo "1823"]
[PlyCount "52"]

1. d4 d5 2. Bf4 e6 3. Nf3 Bd6 4. Ne5 f6 5. Nd3 Nc6 6. e3 Nge7 7. Qh5+ g6 8. Qe2
Bxf4 9. Nxf4 e5 10. dxe5 fxe5 11. Nd3 Bf5 12. g4 Bxd3 13. cxd3 Qd6 14. Nc3 d4
15. Ne4 Qb4+ 16. Qd2 O-O 17. Bg2 Nd5 18. exd4 Nxd4 19. Ng5 Qxd2+ 20. Kxd2 Rxf2+
21. Ke1 Rxg2 22. Rc1 Rxb2 23. h4 Rf8 24. h5 Nf3+ 25. Nxf3 Rxf3 26. hxg6 hxg6 {
Rest der Partie unklar} 1-0

[Event "Kieler Open 2016-B"]
[Site "Kiel"]
[Date "2016.07.31"]
[Round "4.10"]
[White "Beyer, Mirko"]
[Black "Sowa, Kay"]
[Result "1-0"]
[WhiteElo "1397"]
[BlackElo "1653"]
[PlyCount "43"]

1. e4 c5 2. Nf3 Nc6 3. c3 Nf6 4. d3 d6 5. Be2 g6 6. h3 Bg7 7. Be3 e5 8. Nbd2
O-O 9. Qc2 Bd7 10. d4 cxd4 11. cxd4 Rc8 12. Qd1 exd4 13. Nxd4 Qa5 14. O-O d5
15. Nxc6 Bxc6 16. exd5 Nxd5 17. Nb3 Nxe3 18. Nxa5 Nxd1 19. Nxc6 Nxb2 20. Ne7+
Kh8 21. Nxc8 Rxc8 22. Rac1 1-0

[Event "Kieler Open 2016-B"]
[Site "Kiel"]
[Date "2016.07.31"]
[Round "4.11"]
[White "Prasobhu, Pramod Kumar"]
[Black "Gerigk, Daniel"]
[Result "0-1"]
[WhiteElo "1703"]
[BlackElo "1444"]
[PlyCount "100"]

1. e4 e5 2. Nf3 d6 3. d4 Bg4 4. dxe5 Bxf3 5. Qxf3 dxe5 6. Bc4 Qd7 7. O-O Bd6 8.
Nc3 Nc6 9. Nb5 O-O-O 10. Rd1 Nf6 11. Nxd6+ cxd6 12. Bg5 Nd4 13. Qd3 Qg4 14.
Bxf6 gxf6 15. Bxf7 Rd7 16. c3 Ne2+ 17. Kf1 Nf4 18. Qg3 Qe2+ 19. Kg1 Rxf7 20.
Qe3 Qxe3 21. fxe3 Ne6 22. Rxd6 Nc5 23. Rf1 Nxe4 24. Rd5 Rd7 25. Rb5 Rd6 26. Rb4
Nd2 27. Re1 Rg8 28. Kf2 f5 29. g3 Ne4+ 30. Kf3 Rd2 31. Re2 Rg4 32. Rxd2 Nxd2+
33. Ke2 Rxb4 34. cxb4 Nc4 35. b3 Nb6 36. Kf3 Nd5 37. e4 fxe4+ 38. Kxe4 Nc3+ 39.
Kxe5 Nxa2 40. h4 Nxb4 41. Kf6 Nd5+ 42. Kg5 Kd7 43. Kh6 Nf6 44. Kg5 Ke6 45. h5
a5 46. g4 b5 47. Kh4 a4 48. bxa4 bxa4 49. g5 a3 50. g6 hxg6 0-1

[Event "Kieler Open 2016-B"]
[Site "Kiel"]
[Date "2016.07.31"]
[Round "4.12"]
[White "Hoppe, Marc"]
[Black "Hartendauer, Frank"]
[Result "1/2-1/2"]
[WhiteElo "1381"]
[BlackElo "1710"]
[PlyCount "59"]

1. d4 d5 2. Nf3 e6 3. Bf4 Nf6 4. e3 Bd6 5. Bxd6 Qxd6 6. c4 c5 7. Nc3 O-O 8. Be2
Bd7 9. O-O a6 10. Ne5 Nc6 11. Nxd7 Qxd7 12. dxc5 Rfd8 13. Rc1 Qe7 14. cxd5 Nxd5
15. Nxd5 Rxd5 16. Qb3 Rad8 17. Qb6 Qd7 18. Bf3 Rd2 19. a3 Ne5 20. Bxb7 Rb8 21.
c6 Nxc6 22. Rxc6 Rxb7 23. Qxa6 Rdxb2 24. Rfc1 g6 25. Qc4 Qd2 26. Rc8+ Kg7 27.
Qc3+ Qxc3 28. R8xc3 Ra2 29. e4 Ra7 30. g3 1/2-1/2

[Event "Kieler Open 2016-B"]
[Site "Kiel"]
[Date "2016.07.31"]
[Round "4.13"]
[White "Günther, Emil"]
[Black "Schwerdt, Alwin Elias"]
[Result "0-1"]
[WhiteElo "1282"]
[BlackElo "1454"]
[PlyCount "48"]

1. c4 c5 2. Nc3 Nc6 3. g3 g6 4. Bg2 Bg7 5. Nf3 Nf6 6. O-O O-O 7. e3 d6 8. d4
cxd4 9. exd4 Re8 10. Be3 Bd7 11. Rc1 a6 12. Qd2 Ng4 13. Nd5 Nxe3 14. Nxe3 Qa5
15. Qxa5 Nxa5 16. b3 Nc6 17. Rfd1 Rab8 18. Nd5 Kf8 19. Nb6 Red8 20. d5 Ne5 21.
Nxe5 Bxe5 22. f4 Bg7 23. Rc2 Bg4 24. Re1 Bd4+ 0-1

[Event "Kieler Open 2016-B"]
[Site "Kiel"]
[Date "2016.07.31"]
[Round "4.14"]
[White "Salwasser, Christian"]
[Black "Bahr, Arne"]
[Result "1/2-1/2"]
[WhiteElo "1671"]
[BlackElo "1695"]
[PlyCount "53"]

1. e4 g6 2. Nf3 Bg7 3. d4 c6 4. Nc3 d5 5. e5 Nh6 6. Be3 f6 7. exf6 exf6 8. Bxh6
Bxh6 9. Qe2+ Kf7 10. Qd3 Re8+ 11. Be2 Bf5 12. Qd1 Na6 13. a3 Qd6 14. O-O Nc7
15. Re1 Rad8 16. Nh4 Bc8 17. Qd3 Bg7 18. Nf3 Qf4 19. g3 Qh6 20. b4 Bf5 21. Qd1
g5 22. a4 Bd7 23. b5 f5 24. Qd2 Kg8 25. Qxg5 Qxg5 26. Nxg5 Bxd4 27. Ra3 1/2-1/2

[Event "Kieler Open 2016-B"]
[Site "Kiel"]
[Date "2016.07.31"]
[Round "4.15"]
[White "Dambrowski, Ralf"]
[Black "Neumann, Oskar"]
[Result "1/2-1/2"]
[WhiteElo "1476"]
[BlackElo "1640"]
[PlyCount "53"]

1. d4 d5 2. c4 dxc4 3. Nc3 Nf6 4. e3 e6 5. Nf3 a6 6. Bxc4 b5 7. Bd3 Bb7 8. O-O
c5 9. dxc5 Bxc5 10. Be2 O-O 11. Qxd8 Rxd8 12. a3 Nc6 13. b4 Bb6 14. Bb2 Ne7 15.
Rfd1 Ned5 16. Rac1 h6 17. Nxd5 Nxd5 18. Nd4 Rd7 19. Bf3 Rad8 20. Nc6 Re8 21.
Bxd5 exd5 22. Nd4 Rdd8 23. Nf5 f6 24. h3 Kf8 25. Bd4 Bxd4 26. Nxd4 Rd7 27. Rc2
1/2-1/2

[Event "Kieler Open 2016-B"]
[Site "Kiel"]
[Date "2016.07.31"]
[Round "4.16"]
[White "Weck, Uwe"]
[Black "Hogreve, Holger"]
[Result "0-1"]
[WhiteElo "1663"]
[BlackElo "1501"]
[PlyCount "72"]

1. e4 d5 2. exd5 Nf6 3. c4 c6 4. dxc6 Nxc6 5. Nc3 e5 6. d3 Bb4 7. Bg5 e4 8. Qc2
Nd4 9. Qd1 Bg4 10. Be2 Bxe2 11. Ngxe2 Nxe2 12. Qxe2 Qd4 13. Bxf6 Bxc3+ 14. bxc3
Qxf6 15. Qxe4+ Qe7 16. Qxe7+ Kxe7 17. O-O Rhd8 18. d4 Rac8 19. c5 b6 20. cxb6
axb6 21. Rfe1+ Kf8 22. Rac1 Rc4 23. Red1 Rdc8 24. d5 Rxc3 25. Rxc3 Rxc3 26. d6
Ke8 27. g3 Kd7 28. f4 Rc6 29. Kf2 Rc2+ 30. Kf3 Rxa2 31. h4 Rc2 32. Rd3 Rc6 33.
Ke4 Rxd6 34. Rxd6+ Kxd6 35. Kd4 h5 36. f5 f6 0-1

[Event "Kieler Open 2016-B"]
[Site "Kiel"]
[Date "2016.07.31"]
[Round "4.17"]
[White "Engel, Peter"]
[Black "Dao, Joerg"]
[Result "1/2-1/2"]
[WhiteElo "1450"]
[BlackElo "1460"]
[PlyCount "93"]

1. e4 e5 2. Nf3 Qf6 3. Bc4 h6 4. Nc3 c6 5. b3 a5 6. a4 g5 7. h3 Ne7 8. Bb2 Ng6
9. Ne2 d6 10. d4 Nd7 11. Ng3 Rh7 12. Nh5 Qe7 13. Qd2 Nf4 14. Nxf4 gxf4 15.
O-O-O Bg7 16. g3 Nf6 17. Bd3 Nh5 18. g4 Nf6 19. Ba3 Nd7 20. Rde1 f6 21. d5 c5
22. Bb5 b6 23. Nh4 Kd8 24. Nf5 Qf8 25. Rhg1 Bh8 26. c3 Nb8 27. Qc2 Bxf5 28.
gxf5 Rg7 29. b4 cxb4 30. cxb4 axb4 31. Bxb4 Rc7 32. Bc3 Nd7 33. Kb2 Nc5 34. Rc1
Rca7 35. Ra1 Qf7 36. f3 Bg7 37. h4 Qh5 38. Rg4 Qf7 39. Rgg1 Ke7 40. Kc1 Kf8 41.
Kd2 Qc7 42. Rgc1 Qf7 43. Ke2 Qc7 44. Be1 Qd8 45. h5 Qe7 46. Bd2 Qd8 47. Bb4
1/2-1/2

[Event "Kieler Open 2016-B"]
[Site "Kiel"]
[Date "2016.07.31"]
[Round "4.19"]
[White "Spreu, Jörg"]
[Black "Howe, Dietrich"]
[Result "1/2-1/2"]
[WhiteElo "1420"]
[BlackElo "1560"]
[PlyCount "97"]

1. e4 c5 2. Nf3 e6 3. d4 cxd4 4. Nxd4 a6 5. c4 Qc7 6. Nc3 Nf6 7. Bd3 b6 8. O-O
Be7 9. Be3 O-O 10. f3 Bb7 11. Nde2 d6 12. Na4 Nbd7 13. Rc1 Rac8 14. Qb3 Nc5 15.
Nxc5 dxc5 16. Rfd1 Bd6 17. h3 Nh5 18. Qc2 Be5 19. Rf1 g6 20. f4 Bg7 21. Rf2 f5
22. e5 Rcd8 23. Kh2 Bh8 24. Ng1 Bxe5 25. Rcf1 Bd6 26. Be2 Nf6 27. Bf3 Ne4 28.
Bxe4 Bxe4 29. Qc1 Be7 30. Nf3 Bf6 31. Kg1 Rd7 32. Rd2 Rxd2 33. Bxd2 Rd8 34. Ng5
Bxg5 35. fxg5 Qg3 36. Rf2 e5 37. Qc3 Rd3 38. Qc1 f4 39. Qe1 Rf3 40. Rxf3 Bxf3
41. Qxg3 fxg3 42. Be1 Be2 43. Bxg3 Bxc4 44. a3 e4 45. Bc7 b5 46. Bb6 Kf7 47.
Bxc5 Ke6 48. Kf2 Ke5 49. g3 1/2-1/2

[Event "Kieler Open 2016-B"]
[Site "Kiel"]
[Date "2016.07.31"]
[Round "4.20"]
[White "Korte, Andreas"]
[Black "Rulfs, Ernst-August"]
[Result "1-0"]
[WhiteElo "1554"]
[BlackElo "1574"]
[PlyCount "45"]

1. c4 e5 2. g3 Nf6 3. Bg2 Nc6 4. e3 Bb4 5. a3 Bc5 6. Nc3 a6 7. Nge2 O-O 8. O-O
Rb8 9. b4 Ba7 10. Bb2 b5 11. c5 Bb7 12. d4 d5 13. dxe5 Nxe5 14. Nxd5 Bxd5 15.
Bxe5 Bxg2 16. Kxg2 Qe7 17. Bxf6 Qxf6 18. Qd7 Rbc8 19. Nd4 Rfd8 20. Qc6 Bb8 21.
Qxf6 gxf6 22. Nc6 Rd2 23. Ne7+ 1-0

[Event "Kieler Open 2016-B"]
[Site "Kiel"]
[Date "2016.07.31"]
[Round "4.21"]
[White "Bunke, Mike"]
[Black "Schumacher, Horst"]
[Result "0-1"]
[WhiteElo "1683"]
[BlackElo "1782"]
[PlyCount "94"]

1. c4 Nf6 2. g3 d5 3. cxd5 Qxd5 4. Nf3 e5 5. Nc3 Qa5 6. a3 c6 7. Bg2 Nbd7 8. d3
Bd6 9. Bd2 Qc7 10. O-O O-O 11. b4 a6 12. Qc2 Nb6 13. Ng5 h6 14. Nge4 Nfd5 15.
Nxd6 Qxd6 16. Ne4 Qe7 17. Nc5 Nd7 18. Ne4 f5 19. Nc3 N7f6 20. e4 Nxc3 21. Bxc3
fxe4 22. dxe4 Bd7 23. b5 c5 24. b6 Bb5 25. Rfe1 Rfe8 26. f4 exf4 27. gxf4 Bc6
28. e5 Nd5 29. Bd2 Nxb6 30. Bxc6 bxc6 31. Re2 Nd5 32. Rg2 Kh8 33. Re1 Qh4 34.
Re4 Qh5 35. Qxc5 Qf5 36. Rd4 Rac8 37. Qa7 Ne7 38. Bb4 Ra8 39. Qb7 Qb1+ 40. Kf2
Qb2+ 41. Rd2 Qb1 42. Qd7 Qf5 43. Bxe7 Qxf4+ 44. Ke1 Qe3+ 45. Rde2 Qc3+ 46. Kf2
Rf8+ 47. Bxf8 Rxf8+ 0-1

[Event "Kieler Open 2016-B"]
[Site "Kiel"]
[Date "2016.07.31"]
[Round "4.22"]
[White "Keir, Robin"]
[Black "Müller, Richard"]
[Result "1-0"]
[WhiteElo "1361"]
[BlackElo "1500"]
[PlyCount "57"]

1. d4 d5 2. Nf3 Nc6 3. e3 e6 4. c3 Bd7 5. Bd3 Bd6 6. Nbd2 Nge7 7. O-O O-O 8. e4
e5 9. exd5 Nxd5 10. Ne4 exd4 11. Nxd6 cxd6 12. Bxh7+ Kxh7 13. Ng5+ Kg8 14. Ne4
Be6 15. Bg5 f6 16. Bh4 dxc3 17. bxc3 Ne5 18. Re1 Rc8 19. Rc1 Rc4 20. Bg3 Qa5
21. Qd2 Rfc8 22. Nxd6 Rd4 23. Qxd4 Rxc3 24. Bxe5 Rxc1 25. Rxc1 fxe5 26. Qxe5
Bd7 27. h3 Qxa2 28. Nf5 Qd2 29. Qxg7# 1-0

[Event "Kieler Open 2016-B"]
[Site "Kiel"]
[Date "2016.08.01"]
[Round "5.2"]
[White "Plichta, Hans-Reiner"]
[Black "Mardini, Mohamed"]
[Result "1-0"]
[WhiteElo "1793"]
[BlackElo "1638"]
[PlyCount "91"]

1. d4 Nf6 2. c4 e5 3. dxe5 Ng4 4. e3 Nxe5 5. Nf3 Nbc6 6. Be2 Bb4+ 7. Bd2 Bxd2+
8. Nbxd2 d6 9. O-O h5 10. Nxe5 Nxe5 11. Nf3 Qf6 12. Qd4 g5 13. Nxe5 dxe5 14.
Qc5 Qd6 15. Qxd6 cxd6 16. Rfd1 Ke7 17. Bf3 Be6 18. Rac1 g4 19. Bd5 Rac8 20. b3
b6 21. a4 Rc7 22. Rd2 Bxd5 23. Rxd5 f5 24. Rcd1 Rd8 25. Kf1 Rc5 26. Ke2 Rxd5
27. Rxd5 Rc8 28. f4 gxf3+ 29. Kxf3 Ke6 30. a5 bxa5 31. Rxa5 Rb8 32. Ra3 a5 33.
g3 Rb7 34. e4 Rb4 35. exf5+ Kxf5 36. h3 a4 37. bxa4 Rxc4 38. a5 d5 39. a6 e4+
40. Kf2 Rc8 41. a7 Ra8 42. Ke3 Ke5 43. Ra5 Ke6 44. Kd4 e3 45. Kxe3 Ke5 46. Kd3
1-0

[Event "Kieler Open 2016-B"]
[Site "Kiel"]
[Date "2016.08.01"]
[Round "5.3"]
[White "Jung, Ingo"]
[Black "Zielke, Bernd"]
[Result "1/2-1/2"]
[WhiteElo "1656"]
[BlackElo "1705"]
[PlyCount "119"]

1. e4 e5 2. Nf3 Nf6 3. Nxe5 d6 4. Nf3 Nxe4 5. d3 Nf6 6. d4 Be7 7. Bd3 c6 8. O-O
O-O 9. Re1 Bg4 10. c3 Nbd7 11. Bg5 h6 12. Bh4 Re8 13. Nbd2 Nf8 14. Qc2 Bh5 15.
Bg3 Bg6 16. h3 Bxd3 17. Qxd3 Ng6 18. Ne4 Qd7 19. Nxf6+ Bxf6 20. Qd2 d5 21.
Rxe8+ Rxe8 22. Re1 Rxe1+ 23. Qxe1 Qe6 24. Kf1 Qxe1+ 25. Nxe1 Be7 26. Nd3 f5 27.
Ne5 Nf8 28. Nd3 g5 29. Bb8 a6 30. f4 Nd7 31. Bc7 Nf6 32. fxg5 hxg5 33. Ne5 Ne4
34. Ke2 Kg7 35. Nd3 Kf6 36. Ke3 Ke6 37. Bb6 f4+ 38. Ke2 Ng3+ 39. Kf2 Kf5 40.
Kf3 Ne4 41. Ke2 Bd6 42. Bd8 Ng3+ 43. Kf3 Nf1 44. Ke2 Ne3 45. Kf3 g4+ 46. hxg4+
Nxg4 47. Nf2 Nxf2 48. Kxf2 Ke4 49. Ke2 Bf8 50. Bf6 c5 51. a4 b5 52. axb5 axb5
53. Bh8 c4 54. Bf6 b4 55. Bd8 bxc3 56. bxc3 Ba3 57. Ba5 Bc1 58. Bb4 Be3 59. Ba5
Bg1 60. Bc7 1/2-1/2

[Event "Kieler Open 2016-B"]
[Site "Kiel"]
[Date "2016.08.01"]
[Round "5.4"]
[White "Aksüt, Önder"]
[Black "Malina, Marcus"]
[Result "1-0"]
[WhiteElo "1653"]
[BlackElo "1565"]
[PlyCount "145"]

1. d4 d5 2. c4 e6 3. Nf3 Nf6 4. Bg5 Be7 5. g3 h6 6. Bf4 O-O 7. Bg2 Bb4+ 8. Bd2
Bxd2+ 9. Nbxd2 dxc4 10. Nxc4 c6 11. O-O Nbd7 12. Qb3 Rb8 13. Rfe1 Qe7 14. Rad1
Nd5 15. e4 N5b6 16. Nfd2 e5 17. dxe5 Nxc4 18. Nxc4 Nxe5 19. Nxe5 Qxe5 20. Rd2
Be6 21. Qa3 Rbd8 22. f4 Qb8 23. Rde2 a6 24. f5 Bc4 25. Rc2 Rd3 26. b3 Qa7+ 27.
Kh1 Bb5 28. Qc1 a5 29. f6 g5 30. e5 Re8 31. Be4 Rd4 32. Qe3 c5 33. Bg2 Qb6 34.
h4 Rd3 35. Qxc5 Qxc5 36. Rxc5 Bc6 37. Rxa5 Rxg3 38. Bxc6 bxc6 39. Kh2 Rg4 40.
hxg5 Rxg5 41. Rg1 Rxg1 42. Kxg1 Kh7 43. Rc5 Kg6 44. a4 Rb8 45. Rc3 Kf5 46. Re3
Kf4 47. Kf2 h5 48. a5 c5 49. Rc3 Kxe5 50. Rxc5+ Kxf6 51. Rc6+ Ke5 52. Rb6 Ra8
53. Rb5+ Kd4 54. Rxh5 Kc3 55. Rb5 Ra6 56. b4 f5 57. Ke3 Kb3 58. Kf4 Ra8 59.
Kxf5 Rh8 60. Rb6 Ka4 61. a6 Rh5+ 62. Ke4 Rh4+ 63. Kd5 Rh5+ 64. Kc6 Rh6+ 65. Kb7
Rh7+ 66. Ka8 Rh8+ 67. Rb8 Rh7 68. a7 Rg7 69. b5 Ka5 70. b6 Ka6 71. b7 Kb6 72.
Rf8 Rxb7 73. Rf6+ 1-0

[Event "Kieler Open 2016-B"]
[Site "Kiel"]
[Date "2016.08.01"]
[Round "5.5"]
[White "Oltmanns, Marc"]
[Black "Kathage, Holger"]
[Result "1/2-1/2"]
[WhiteElo "1496"]
[BlackElo "1740"]
[PlyCount "37"]

1. Nf3 Nf6 2. c4 d5 3. cxd5 Nxd5 4. d4 Bf5 5. Nc3 Nxc3 6. bxc3 Nd7 7. e3 e6 8.
Bd3 Bg4 9. h3 Bh5 10. O-O Be7 11. e4 Nb6 12. Be2 c5 13. Ba3 O-O 14. Ne5 Bxe2
15. Qxe2 cxd4 16. Bxe7 Qxe7 17. cxd4 Rfd8 18. Rfd1 Rac8 19. Nf3 1/2-1/2

[Event "Kieler Open 2016-B"]
[Site "Kiel"]
[Date "2016.08.01"]
[Round "5.6"]
[White "Eberhardt, Michael"]
[Black "Turp, Hüseyin"]
[Result "1-0"]
[WhiteElo "1786"]
[BlackElo "1621"]
[PlyCount "73"]

1. d4 d5 2. Bf4 Nf6 3. e3 Bf5 4. c4 e6 5. Qb3 b6 6. Nc3 c6 7. Nf3 Nbd7 8. h3
Be7 9. cxd5 exd5 10. Be2 h6 11. O-O O-O 12. Rac1 Rc8 13. Ba6 Rb8 14. Bxb8 Nxb8
15. Be2 Bd6 16. Ne5 Nfd7 17. f4 f6 18. Nxc6 Qe8 19. Qxd5+ Qe6 20. Qxe6+ Bxe6
21. Nxb8 Nxb8 22. Nb5 Bb4 23. Bc4 Kf7 24. f5 Bxc4 25. Rxc4 Bd2 26. Rc7+ Kg8 27.
e4 a6 28. Nc3 Be3+ 29. Kh1 Bxd4 30. Rd1 Be5 31. Rc4 b5 32. Rc5 b4 33. Nd5 Re8
34. Rdc1 Kh7 35. Rc8 Bxb2 36. Rxe8 Bxc1 37. Rxb8 1-0

[Event "Kieler Open 2016-B"]
[Site "Kiel"]
[Date "2016.08.01"]
[Round "5.7"]
[White "Gerigk, Daniel"]
[Black "Zechel, Rolf-Rüdiger"]
[Result "0-1"]
[WhiteElo "1444"]
[BlackElo "1654"]
[PlyCount "76"]

1. e4 c5 2. Nf3 Nc6 3. d4 cxd4 4. Nxd4 g6 5. b3 Bg7 6. Bb2 Qa5+ 7. Bc3 Qc5 8.
Nb5 Bxc3+ 9. N1xc3 Nd8 10. Nd5 Ne6 11. b4 Qc6 12. c4 a6 13. Nd4 Qd6 14. c5 Qe5
15. Nxe6 fxe6 16. f4 Qxe4+ 17. Be2 Qxd5 18. Qxd5 exd5 19. Rd1 Nf6 20. g4 e6 21.
Bf3 Rf8 22. Rd4 Rb8 23. g5 Ng8 24. b5 axb5 25. Rb4 Ra8 26. Rb2 Rxf4 27. O-O Ne7
28. Re2 Rfa4 29. Rff2 b4 30. h4 b3 31. axb3 Rxh4 32. Rh2 Ra1+ 33. Kg2 Rxh2+ 34.
Kxh2 Rb1 35. Kg3 Rxb3 36. Rh2 Nf5+ 37. Kg4 Rb4+ 38. Kh3 Rh4+ 0-1

[Event "Kieler Open 2016-B"]
[Site "Kiel"]
[Date "2016.08.01"]
[Round "5.8"]
[White "Schwerdt, Alwin Elias"]
[Black "Beyer, Mirko"]
[Result "1-0"]
[WhiteElo "1454"]
[BlackElo "1397"]
[PlyCount "107"]

1. e4 e6 2. d4 d5 3. e5 c5 4. c3 Qb6 5. Ne2 Nc6 6. g3 cxd4 7. cxd4 f6 8. f4
fxe5 9. fxe5 Nge7 10. b3 Nf5 11. Nbc3 Ncxd4 12. Nxd4 Qxd4 13. Qxd4 Nxd4 14. Kd1
Bd7 15. Bb2 Nc6 16. Ne2 Bc5 17. Bg2 g5 18. h4 gxh4 19. Rxh4 O-O-O 20. Rc1 Be7
21. Rh1 Kb8 22. a3 Rdf8 23. Ke1 Rf5 24. Bh3 Rg5 25. b4 Nxe5 26. Nf4 Rhg8 27.
Bxe6 Bxe6 28. Nxe6 Nd3+ 29. Kd2 Rxg3 30. Rb1 Nxb2 31. Rxb2 Rg2+ 32. Kc1 Rg1+
33. Rxg1 Rxg1+ 34. Kc2 Rg2+ 35. Kb3 Rxb2+ 36. Kxb2 Bf6+ 37. Kc2 d4 38. Nf8 Kc7
39. Nxh7 Bh8 40. Ng5 Kb6 41. Ne4 Kb5 42. Kb3 Kc6 43. Kc4 b5+ 44. Kd3 Kb6 45.
Nc5 a5 46. Nb3 axb4 47. axb4 Bg7 48. Nxd4 Bxd4 49. Kxd4 Kc6 50. Ke5 Kb6 51. Kd6
Kb7 52. Kc5 Ka6 53. Kc6 Ka7 54. Kxb5 1-0